English French Greetings and exclamations - Statistics

General Stats
  • This quiz has been taken 21 times
  • The average score is 18 of 30
Answer Stats
English Greeting/Exclamations French % Correct
see you soon à bientôt
89%
see you tomorrow à demain
89%
hello (on phone) allô
89%
enjoy your meal bon appétit
89%
have a good trip bon voyage
89%
happy birthday bon anniversaire
83%
good night bonne nuit
83%
good evening bonsoir
83%
ok d’accord
83%
welcome bienvenue
78%
good luck bonne chance
78%
of course/certainly bien sûr
72%
good idea bonne idée
72%
sorry désolé
72%
excuse me excusez-moi
67%
help au secours
61%
don't mention it de rien
61%
congratulations félicitations
61%
hi salut
61%
please (formal) s’il vous plaît
61%
happy New Year bonne année
56%
Merry Christmas joyeux Noël
56%
cheers santé
44%
have a good holiday bonnes vacances
33%
please (informal) s’il te plaît
28%
excuse me (apology) pardon
17%
best wishes meilleurs voeux
11%
what a pity quel dommage
11%
see you soon/later à tout à l’heure
6%
best wishes amitiés
0%
No matching quizzes found
Score Distribution
Percent of People with Each Score
Percentile by Number Answered
Your Score History
You have not taken this quiz